000 01029nam a2200337Ia 4500
003 OSt
005 20220912145036.0
006 a|||||r|||| 00| 0
007 ta
008 220909b |||||||| |||| 00| 0 eng d
020 _a9780754671732 (hbd)
024 _a95612
037 _b00648, 17/02/2010, Total Books India
037 _cTextbook
040 _aCSL
_beng
_cCSL
041 _aeng
082 _aY33, P9 TY
100 _aPrato Giuliana B Ed.
245 0 _aBeyond multiculturalism:views from anthropology
260 _aBurlington
_bAshgate
_c2009
300 _axi, 224p.
_ccm.
490 _aUrban anthropology
500 _aIncludes bibliographical references.; Index 217-224p.
650 _a Cultural pluralism
650 _a Ethnic relations-case studies
650 _a Multiculturalism
650 _a Urban anthropology
650 _aAnthropology
942 _hY33, P9 TY
_cTB
_2CC
999 _c21610
_d21610